000 00996nam a2200217 a 4500
001 14477
003 BD-RjUL
005 20211208235632.0
008 140206r19581935enk 000 0 eng d
035 _a(BD-RjUL)14529
040 _aBD-RjUL
_beng
_cBD-RjUL
_dBD-RjUL
041 _aeng
082 _a192
_bRUI
100 1 _aRussell, Bertrand,
_d1872-1970.
_945161
245 1 0 _aIn praise of idleness and other essays /
_cBertrand Russell.
260 _aLondon :
_bAllen & Unwin,
_c1935 [impression 1958]
300 _a231 p. ;
_c19 cm.
505 0 _aIn praise of idleness -- "Useless" knowledge -- Architecture and social questions -- The modern minds -- The ancestry of fascism -- Scylla and Charybdis, or, communism and fascism -- The case for socialism -- Western civilization -- On youthful cynicism -- Modern homogeneity -- Man versus insects -- Education and discipline -- Stoicism and mental health -- On comets -- What is the soul?
650 0 _aSocial problems.
_945162
942 _2ddc
_cBK
999 _c14477
_d14477